Formel 1 Fahrer 2024 - Statistiken

Allgemein
  • Dieses Quiz wurde 2.284 mal gespielt
  • Das Durchschnittsergebnis liegt bei 18 aus 20
Antwortstatistiken
Bildquiz Antwort % Korrekt
Max Verstappen
100%
Lewis Hamilton
99%
Carlos Sainz
95%
Charles Leclerc
95%
Lando Norris
95%
Fernando Alonso
94%
Nico Hülkenberg
93%
Sergio Perez
93%
Oscar Piastri
91%
Valtteri Bottas
90%
Pierre Gasly
88%
Yuki Tsunoda
88%
Esteban Ocon
87%
Lance Stroll
85%
Alexander Albon
84%
George Russell
84%
Kevin Magnussen
83%
Daniel Ricciardo
81%
Guanyu Zhou
76%
Logan Sargeant
69%
Keine übereinstimmenden Quizze gefunden
Verteilung der Resultate
Anzahl Personen mit jedem Resultat
Perzentil nach korrekt beantworteten Fragen
Ihre Resultats-Entwicklung
Sie haben dieses Quiz noch nicht gespielt